Colonia de perros
Đã lưu trong:
| Tác giả chính: | |
|---|---|
| Định dạng: | Sách |
| Ngôn ngữ: | Tiếng Tây Ban Nha |
| Được phát hành: |
Santiago
Tajamar
2010
|
| Phiên bản: | 1a. ed |
| Loạt: | Colección Narrativas
|
| Những chủ đề: | |
| Các nhãn: |
Thêm thẻ
Không có thẻ, Là người đầu tiên thẻ bản ghi này!
|
MARC
| LEADER | 00000cam a2200000 a 4500 | ||
|---|---|---|---|
| 001 | UCG8226 | ||
| 003 | CL-VaPUC | ||
| 008 | 111202e20100000CL |||||||||||||||||spa|d | ||
| 020 | |a 9789568245894 | ||
| 082 | 0 | 4 | |a Ch863 |b HER |2 21 |
| 100 | 0 | |a Hernández Suárez, Gonzalo |e author |9 559144 | |
| 245 | 1 | 0 | |a Colonia de perros |
| 250 | |a 1a. ed | ||
| 300 | |a 285 p | ||
| 942 | |c BK | ||
| 945 | |d 20111202 00:00:00 |a cmena | ||
| 260 | |a Santiago |b Tajamar |c 2010 | ||
| 500 | |a Al detective Gustavo Huerta no le va bien. Está a punto de quedar sin oficina, los clientes brillan por su ausencia y su vida da la impresión de estar en un callejón sin salida. Mientras espera un cambio de suerte lee a Heráclito, cuyos textos le ayudan a combatir la tristeza que "se puede escuchar a través del silencio", y a reflexionar sobre su incierto futuro. Todo cambia de un día para otro, Huerta se ve envuelto en dos investigaciones simultáneas | ||
| 650 | 0 | |a Novelas chilenas |9 265425 | |
| 650 | 0 | |a Literatura chilena |9 308278 | |
| 583 | |a last modification |c 20111202 14:14:00 |k Rodrigo Vera | ||
| 490 | 0 | |a Colección Narrativas | |
| 999 | |c 345846 |d 345844 | ||
| 952 | |0 0 |1 0 |4 0 |6 CH_863_000000000000000_HER_2010 |7 0 |8 A |9 446130 |a FDOPOS |b FDOPOS |d 2019-11-22 |i 4807936 |o Ch863 HER 2010 |p 4807936 |r 2025-01-22 |w 2019-11-22 |y BK |k DLH | ||